Science Quiz

Random Science or Letter Quiz

J, Q, and W Elements Quiz Stats

 Plays Quiz not verified by Sporcle

Challenge
Share
Tweet
Embed
Score 0/8 Timer 00:30
0 Plays Today
Letter Elements % Correct
JKIDDING! NO ELEMENT STARTS WITH J
94.4%
JKIDDING! NO ELEMENT STARTS WITH J
94.4%
JKIDDING! NO ELEMENT STARTS WITH J
94.4%
JKIDDING! NO ELEMENT STARTS WITH J
94.4%
WKIDDING! NO ELEMENT STARTS WITH W
91.7%
WKIDDING! NO ELEMENT STARTS WITH W
91.7%
WKIDDING! NO ELEMENT STARTS WITH W
91.7%
QKIDDING! NO ELEMENT STARTS WITH Q
88.9%

You're not logged in!

Compare scores with friends on all Sporcle quizzes.
Join for Free
OR
Log In

You Might Also Like...

Show Comments

Extras

Created Mar 23, 2015ReportNominate
Tags:Letter Quiz, start

Top Quizzes Today


Score Distribution

Your Account Isn't Verified!

In order to create a playlist on Sporcle, you need to verify the email address you used during registration. Go to your Sporcle Settings to finish the process.

Report this User

Report this user for behavior that violates our Community Guidelines.

Details: